| 000 | 00785 a2200229 4500 | ||
|---|---|---|---|
| 020 | _a9780072974751 | ||
| 020 | _a0072974753 | ||
| 040 |
_aDLC _bDLC |
||
| 082 | 0 | 0 | _a621.381 |
| 100 | 1 | _aSchultz, Mitchel E. | |
| 245 | 1 | 0 |
_aGrob's basic electronics _cMitchel E. Schultz. |
| 246 | 3 | 0 | _aBasic electronics |
| 250 | _a10th ed. | ||
| 260 |
_aBoston : _bMcGraw-Hill/Higher Education, _c2007. |
||
| 300 |
_a1 v. (various pagings) : _bill. (cheifly col.) ; _c29 cm. + _e1 CD-ROM (4 3/4 in.) |
||
| 500 | _aRev. ed. of: Basic electronics / Bernard Grob. 8th ed. 1997. | ||
| 500 | _aIncludes index. | ||
| 650 | 0 | _aElectronics | |
| 700 | 1 | _aGrob, Bernard. | |
| 856 | 4 | 1 |
_3Table of contents only _uhttp://www.loc.gov/catdir/enhancements/fy0701/2006040764-t.html |
| 942 |
_cBK _k621.381 SCH _2ddc |
||
| 999 |
_c8006 _d8006 |
||